000 00565nam a2200205Ia 4500
005 20230321104523.0
008 131103s9999 xx 000 0 und d
040 _aLoreto College
041 _aEnglish
082 _a822.8
_bIBS
245 _aEleven plays of Henrik Ibsen
_cintroduction by H.L.Mencken
260 _aUnited States of America
_bRandom House
_c[19 - - ?]
300 _axiv,1185 p.
440 _aThe Modern Library
650 _aIbsen,Henrik,1828 - 1906
651 _aEnglish drama
700 _aMencken,H.L.
850 _aLCLIB
942 _cBK
999 _c4267
_d54746